[Event "Parnu Keres Memorial op"]
[Site "Parnu"]
[Date "2023.07.24"]
[Round "1"]
[White "Sepandi, Jaak"]
[Black "Volodin, Aleksandr"]
[Result "0-1"]
[WhiteElo "1449"]
[BlackElo "2453"]
[PlyCount "80"]
[EventDate "2023.07.24"]
[EventType "swiss"]
[EventRounds "9"]
[EventCountry "EST"]
[SourceTitle "CBM 215 Extra"]
[Source "ChessBase"]
[SourceDate "2023.09.30"]
[SourceVersion "1"]
[SourceVersionDate "2023.09.30"]
[SourceQuality "1"]

1. c4 e5 2. Nc3 Nc6 3. g3 f5 4. Bg2 Nf6 5. d3 Bc5 6. Nf3 d6 7. 0-0 0-0 8. Na4 h6 9. h4 e4 10. Ne1 Qe7 11. e3 a5 12. d4 Ba7 13. Nc2 Bd7 14. Nc3 Be8 15. Nd5 Nxd5 16. cxd5 Nb8 17. Na3 Nd7 18. Nb5 Bb6 19. Re1 Nf6 20. Nc3 a4 21. Bf1 g5 22. hxg5 hxg5 23. Be2 Ba5 24. Kg2 b5 25. Rh1 Bxc3 26. bxc3 Nxd5 27. c4 Nc3 28. Qc2 b4 29. Bh5 c5 30. d5 Qg7 31. Bd2 Bd7 32. Rac1 Rab8 33. Bxc3 bxc3 34. Qxc3 Qxc3 35. Rxc3 g4 36. Rc2 Kg7 37. Rcc1 Rh8 38. Rb1 a3 39. Rhc1 Rb2 40. Rh1 Ba4 0-1